Нефть и газ Западной Сибири (Запись № 3081088)
[ простой вид ]
| 000 -МАРКЕР | |
|---|---|
| контрольное поле | 02231nam1a2200373 i 4500 |
| 001 - ИДЕНТИФИКАТОР ЗАПИСИ | |
| контрольное поле | RU\NLR\bibl\1914099 |
| 005 - ИДЕНТИФИКАТОР ВЕРСИИ | |
| контрольное поле | 20260607045342.0 |
| 035 ## - ДРУГИЕ СИСТЕМНЫЕ НОМЕРА | |
| Идентификатор записи | (NLR Aleph) 001903617 |
| 100 ## - ДАННЫЕ ОБЩЕЙ ОБРАБОТКИ | |
| Данные общей обработки | 20120613g20119999k y0rusy50 ca |
| 101 0# - ЯЗЫК РЕСУРСА | |
| Язык текста, звукозаписи и т.д. | русский |
| 102 ## - СТРАНА ПУБЛИКАЦИИ ИЛИ ПРОИЗВОДСТВА | |
| Страна публикации | Российская Федерация |
| 105 ## - ПОЛЕ КОДИРОВАННЫХ ДАННЫХ: ТЕКСТОВЫЕ МАТЕРИАЛЫ, МОНОГРАФИЧЕСКИЕ | |
| Кодированные данные о монографическом текстовом документе | ||||z ||||| |
| 200 1# - ЗАГЛАВИЕ И СВЕДЕНИЯ ОБ ОТВЕТСТВЕННОСТИ | |
| Основное заглавие | Нефть и газ Западной Сибири |
| Сведения, относящиеся к заглавию | материалы Международной научно-технической конференции, посвященной 55-летию Тюменского государственного нефтегазового университета |
| Первые сведения об ответственности | [отв. ред.: д.т.н., проф. О.Ф. Данилов] |
| 210 ## - ПУБЛИКАЦИЯ, РАСПРОСТРАНЕНИЕ И ДР. | |
| Место издания, распространения и т.д. | Тюмень |
| Имя издателя, распространителя и т. д. | ТюмГНГУ |
| Дата издания, распространения и т.д. | 2011 |
| 215 ## - ФИЗИЧЕСКАЯ ХАРАКТЕРИСТИКА | |
| Размеры | 21 |
| 300 ## - ОБЩИЕ ПРИМЕЧАНИЯ | |
| Текст примечания | В надзаг.: Правительство Тюмен. обл., Федер. гос. бюджет. образоват. учреждение высш. проф. образования "Тюмен. гос. нефтегаз. ун-т", Ассоц. выпускников ТИИ-ТюмГНГУ |
| 463 #0 - УРОВЕНЬ ФИЗИЧЕСКОЙ ЕДИНИЦЫ | |
| Встроенное поле | 0011885807 |
| 463 #0 - УРОВЕНЬ ФИЗИЧЕСКОЙ ЕДИНИЦЫ | |
| Встроенное поле | 0011888272 |
| 463 #0 - УРОВЕНЬ ФИЗИЧЕСКОЙ ЕДИНИЦЫ | |
| Встроенное поле | 0011888271 |
| 463 #0 - УРОВЕНЬ ФИЗИЧЕСКОЙ ЕДИНИЦЫ | |
| Встроенное поле | 0011888632 |
| 606 1# - НАИМЕНОВАНИЕ ТЕМЫ КАК ПРЕДМЕТ | |
| Наименование темы | Нефтяная промышленность |
| Формальный подзаголовок | Съезды, совещания и т.п. |
| Географический подзаголовок | Сибирь Западная |
| Системный номер авторитетной/нормативной записи | 2182114 |
| Идентификатор авторитетной/нормативной записи | RU\NLR\auth\661312149 |
| 606 ## - НАИМЕНОВАНИЕ ТЕМЫ КАК ПРЕДМЕТ | |
| Наименование темы | Газовая промышленность |
| Формальный подзаголовок | Съезды, совещания и т.п. |
| Географический подзаголовок | Сибирь Западная |
| Системный номер авторитетной/нормативной записи | 1374969 |
| Идентификатор авторитетной/нормативной записи | RU\NLR\auth\66262717 |
| 686 ## - ИНДЕКСЫ ДРУГИХ КЛАССИФИКАЦИЙ | |
| Индекс | У30(2)565.2(2Р53)я431 |
| 686 ## - ИНДЕКСЫ ДРУГИХ КЛАССИФИКАЦИЙ | |
| Индекс | У30(2)565.3(2Р53)я431 |
| 702 #1 - ИМЯ ЛИЦА - ВТОРИЧНАЯ ОТВЕТСТВЕННОСТЬ | |
| Код отношения | Редактор |
| Графика поля | Кириллица |
| Материалы, к которым относится поле | rus |
| Начальный элемент ввода | Данилов |
| Часть имени, кроме начального элемента ввода | О. Ф. |
| Дополнения к именам, кроме дат | д-р техн. наук |
| Даты | 1951- |
| Расширение инициалов личного имени | Олег Федорович |
| Системный номер авторитетной/нормативной записи | 8034 |
| Идентификатор авторитетной/нормативной записи | RU\NLR\auth\7724985 |
| 711 12 - НАИМЕНОВАНИЕ ОРГАНИЗАЦИИ - АЛЬТЕРНАТИВНАЯ ОТВЕТСТВЕННОСТЬ | |
| Начальный элемент ввода | "Нефть и газ Западной Сибири", международная научно-техническая конференция |
| Место проведения временной организации | Тюмень |
| Дата проведения временной организации | 2011 |
| Системный номер авторитетной/нормативной записи | 307723 |
| Идентификатор авторитетной/нормативной записи | RU\NLR\AUTH\8810210253 |
| 801 #0 - ИСТОЧНИК ЗАПИСИ | |
| Страна | Российская Федерация |
| Организация | NLR |
| Дата составления | 20120613 |
| Правила каталогизации | RCR |
| 801 #1 - ИСТОЧНИК ЗАПИСИ | |
| Страна | Российская Федерация |
| Организация | NLR |
| Дата составления | 20120613 |
| 852 ## - МЕСТОНАХОЖДЕНИЕ И ШИФР ХРАНЕНИЯ | |
| Идентификатор организации | NLR |
| Шифр хранения (Call Number) | 2012-3/9940 |
| 942 ## - ДОПОЛНИТЕЛЬНЫЕ ЭЛЕМЕНТЫ ЗАПИСИ (АБИС) | |
| Тип экземпляра АБИС | Книга |
Нет доступных экземпляров.